Очерк денежной реформы в Австро-Венгрии

RUSMARC
00004169cam2a2200000#x 450
001c5ddded7680a4cdb9d84f5713a874962
00520250409155922.0
100##$a20140331l18961896k y0rusy0189 ca
1010#$arus
102##$aRU
251##$cДело
2250#$aОсновной русский фонд НСБ
$hОпись № 1
300##$aВ деле представлено печатное издание: Очерк денежной реформы в Австо-Венгрии : составлен в Государственной канцелярии. - С.-Петербург : в Государственной типографии, 1896. - 72 с.
461#0$100117e61f42-a6e8-4708-ad7c-e53166a52bec
$12001
$aОсновной русский фонд НСБ РГИА
$1251
$cФонд
$1852
$j1 Б
801#0$aRU
$bРГИА
$c20140331
801#1$aRU
$bГлавНИВЦ
$c20140331
$2rusmarc
801#2$aRU
$bПБ им. Б.Н. Ельцина
$c20140331
$gRCR
$2rusmarc
850##$aФедеральное казенное учреждение "Российский государственный исторический архив"
852##$aРГИА
$j35048
937##$aASBIBLIO_SCAN
$bРГИА_1:Б_1:_35048:
$d831764
$hРГИА
2001#$aОчерк денежной реформы в Австро-Венгрии
$ecоставлен в Государственной канцелярии
$j1896
215##$a31 лист
035##$ac5ddded7680a4cdb9d84f5713a874962
1220#$ad1896######
462#0$100140c701d6-ea2f-4cb4-a574-fe54fae25a8c
$12000
$aОп. 1
$vД. 35048
$1251
$cОпись
$1852
$j1
6061#$2nlr_sh
$3RU\NLR\AUTH\661291321
$aДенежные реформы
$xИстория
$yАвстро-Венгрия
$jАрхивные дела
605##$2acquisition_Prlib
$3DITM\AF\0000004675
$aТерритория
$lколлекция
686##$a63.3(4Авс)53ю11
$2rubbk
$vLBC/M
Формат отображения